[Event "Hessen-ch U10"]
[Site "Bad Homburg"]
[Date "2014.??.??"]
[Round "2"]
[White "Riemann, Jonas"]
[Black "Graf, Lennard"]
[Result "0-1"]
[WhiteElo "1350"]
[BlackElo "994"]
[PlyCount "82"]
[EventDate "2014.04.??"]
[EventType "swiss"]
[EventRounds "7"]
[EventCountry "GER"]
[SourceTitle "EXT 2022"]
[Source "ChessBase"]
[SourceDate "2021.10.06"]
[SourceVersion "1"]
[SourceVersionDate "2021.10.06"]
[SourceQuality "1"]

1. e4 c5 2. Nf3 e6 3. d4 cxd4 4. Nxd4 Nc6 5. Nf3 e5 6. Bc4 h6 7. 0-0 Nf6 8. Nc3 Bb4 9. Bd2 d6 10. Re1 Bg4 11. h3 Bh5 12. Bb5 0-0 13. Bxc6 bxc6 14. a3 Ba5 15. b4 Bb6 16. Be3 Re8 17. Bxb6 axb6 18. Qd3 d5 19. exd5 Bxf3 20. Qxf3 cxd5 21. Red1 d4 22. Ne4 Nxe4 23. Qxe4 Rc8 24. Rac1 Rc3 25. Rd3 Qg5 26. Qe1 Rxd3 27. cxd3 Ra8 28. Ra1 Qf5 29. Qe2 Qg5 30. Qe4 Rxa3 31. Rxa3 Qc1+ 32. Kh2 Qxa3 33. Qxe5 Qxb4 34. Qe8+ Qf8 35. Qxf8+ Kxf8 36. Kg1 Ke7 37. Kf1 Kd6 38. Ke1 Kc5 39. Kd2 Kb4 40. Kc2 Ka3 41. Kb1 b5 0-1

[Event "GER-ch U25 op-B"]
[Site "Oberhof"]
[Date "2013.05.22"]
[Round "6"]
[White "Matuschak, Henry"]
[Black "Graf, Lennard"]
[Result "1-0"]
[WhiteElo "1082"]
[BlackElo "979"]
[PlyCount "49"]
[EventDate "2013.05.19"]
[EventType "swiss"]
[EventRounds "9"]
[EventCountry "GER"]
[SourceTitle "CBM 154 Extra"]
[Source "ChessBase"]
[SourceDate "2013.06.25"]
[SourceVersion "2"]
[SourceVersionDate "2013.06.25"]
[SourceQuality "1"]

1. e4 c6 2. Nf3 d5 3. e5 Bg4 4. d4 c5 5. c3 cxd4 6. cxd4 Nc6 7. Bb5 e6 8. h3 Bh5 9. 0-0 Nge7 10. Bg5 Qb6 11. Nc3 0-0-0 12. Bxc6 Qxc6 13. Rc1 Qb6 14. Nxd5+ Kb8 15. Nxb6 axb6 16. Qd3 Bg6 17. Qb3 Ka7 18. Qa3+ Kb8 19. Bxe7 Bxe7 20. Qxe7 Bd3 21. Rfe1 Bg6 22. Rc7 Bf5 23. Rxb7+ Ka8 24. Ra7+ Kb8 25. Qb7# 1-0

[Event "Hessen-ch U10"]
[Site "Bad Homburg"]
[Date "2012.??.??"]
[Round "8"]
[White "Buermann, Theresia"]
[Black "Graf, Lennard"]
[Result "1-0"]
[WhiteElo "954"]
[BlackElo "740"]
[PlyCount "37"]
[EventDate "2012.04.??"]
[EventType "swiss"]
[EventRounds "9"]
[EventCountry "GER"]
[SourceTitle "EXT 2015"]
[Source "ChessBase"]
[SourceDate "2014.11.20"]
[SourceVersion "1"]
[SourceVersionDate "2014.11.20"]
[SourceQuality "1"]

1. e4 c6 2. d4 d5 3. e5 c5 4. c3 cxd4 5. cxd4 Nc6 6. Nf3 Bg4 7. Nbd2 Nxd4 8. Be2 Qc7 9. Nxd4 Qxe5 10. N2b3 Bxe2 11. Qxe2 Qf6 12. Qb5+ Kd8 13. 0-0 e6 14. Nc5 Bxc5 15. Qxc5 b6 16. Qd6+ Kc8 17. Bf4 Qd8 18. Qc6+ Qc7 19. Qxc7# 1-0

[Event "Hessen-ch U10"]
[Site "Bad Homburg"]
[Date "2012.??.??"]
[Round "6"]
[White "Wachsmann, Elmar"]
[Black "Graf, Lennard"]
[Result "0-1"]
[WhiteElo "803"]
[BlackElo "740"]
[PlyCount "100"]
[EventDate "2012.04.??"]
[EventType "swiss"]
[EventRounds "9"]
[EventCountry "GER"]
[SourceTitle "EXT 2015"]
[Source "ChessBase"]
[SourceDate "2014.11.20"]
[SourceVersion "1"]
[SourceVersionDate "2014.11.20"]
[SourceQuality "1"]

1. d4 c6 2. c4 d5 3. Bf4 dxc4 4. Nf3 Nf6 5. Nc3 Bf5 6. e3 e6 7. a3 Qa5 8. Bxc4 Ne4 9. 0-0 Nxc3 10. bxc3 Qxc3 11. Qb3 Qxb3 12. Bxb3 Be7 13. Rac1 Bd3 14. Rfd1 Bxa3 15. Ra1 Bb2 16. Ra2 Bxd4 17. Rxd3 Bf6 18. h3 b5 19. Rc2 g5 20. Bxb8 Rxb8 21. Rxc6 a5 22. Rc2 a4 23. Ba2 b4 24. Nd2 b3 25. Nxb3 axb3 26. Bxb3 Be5 27. Ba4+ Kf8 28. Rd1 Kg7 29. Rc5 Rhd8 30. Rcc1 Rxd1+ 31. Rxd1 Rb4 32. Bc6 h5 33. g3 f5 34. f4 gxf4 35. exf4 Bd4+ 36. Kf1 e5 37. fxe5 Bxe5 38. Kg2 Rb3 39. Bf3 Rb2+ 40. Kg1 Bxg3 41. Bxh5 Rh2 42. Rd3 Rxh3 43. Bf3 f4 44. Kg2 Rh2+ 45. Kg1 Kh6 46. Rd5 Rf2 47. Rd3 Kg5 48. Rc3 Kh4 49. Rd3 Kh3 50. Kh1 Rf1# 0-1